Kapitäne der Bundesligisten (Saison 25/26) - Statistiken

Allgemein
  • Dieses Quiz wurde 55 mal gespielt
    14 seit der letzten Aktualisierung
  • Das Durchschnittsergebnis liegt bei 11 aus 18
Antwortstatistiken
Verein Kapitän % Korrekt
Dortmund Emre Can
100%
Bayern Manuel Neuer
100%
Freiburg Christian Günter
83%
Leverkusen Robert Andrich
75%
Frankfurt Robin Koch
75%
Leipzig David Raum
67%
Wolfsburg Maxi Arnold
67%
Hoffenheim Oliver Baumann
67%
Stuttgart Atakan Karazor
58%
Union Christopher Trimmel
58%
Bremen Marco Friedl
58%
Hamburg Yussuf Poulsen
58%
St Pauli Jackson Irvine
50%
Köln Marvin Schwäbe
50%
Augsburg Jeffrey Gouweleeuw
42%
Heidenheim Patrick Mainka
42%
Gladbach Tim Kleindienst
42%
Mainz Silvan Widmer
25%
Keine übereinstimmenden Quizze gefunden
Verteilung der Resultate
Anzahl Personen mit jedem Resultat
Perzentil nach korrekt beantworteten Fragen
Ihre Resultats-Entwicklung
Sie haben dieses Quiz seit der letzten Aktualisierung nicht gespielt